Estudio de conocimiento y opinión política sobre la asamblea constituyente en la población electoral de Lima metropolitana/

Uloženo v:
Podrobná bibliografie
Hlavní autor: Aramburú, Carlos E.
Další autoři: Bernales B., Enrique, Torres Adrián, Mario
Médium: Text
Vydáno: Lima: P.U.C. Departamento de Ciencias Sociales
Témata:
Tagy: Přidat tag
Žádné tagy, Buďte první, kdo vytvoří štítek k tomuto záznamu!

MARC

LEADER 00000 a a2200000 04500
001 16392
003
040
090 |a 013300  
100 |a Aramburú, Carlos E.  
245 |a Estudio de conocimiento y opinión política sobre la asamblea constituyente en la población electoral de Lima metropolitana/   |c Carlos E. Aramburú 
260 |a Lima:   |b P.U.C. Departamento de Ciencias Sociales  
300 |a 94 p.  
650 |a OPINION PUBLICA  
700 |a Bernales B., Enrique  
700 |a Torres Adrián, Mario  
999 |c 16164  |d 16164